000 01033cab a2200253 4500
001 ABS49090
008 090401t1993 xxu||||| |||| 00| 0 eng d
035 _a(Sirsi) u69901
041 _aeng
100 _aNolan, B.
245 _aCollateral warranties
260 _c1993
350 _a0
490 _aProperty Law
_v4 August 1993, 2-3 (2)
520 _aHighlights the issues which require to be addressed in the creation of an appropriate contractual relationship with the members of the professional team. Collateral warranties are of relevance not just to professionals advising developers, but to any professional advising clients who may suffer loss arising out of latent defects emerging in a building.
650 _aASSIGNATION
650 _aBUILT ENVIRONMENT-BUILDING CONTRACT FORMS-CONSTRUCTION COLLATERAL WARRANTY FORMS
650 _aDELETERIOUS MATERIALS
650 _aDUTY OF CARE
650 _aLATENT DEFECTS
690 _aBUILT ENVIRONMENT-BUILDING CONTRACT FORMS
942 _n0
948 _c04/03/1997
999 _c43955
_d43955